| 000 | 00779nam a2200265Ia 4500 | ||
|---|---|---|---|
| 003 | OSt | ||
| 005 | 20221007063925.0 | ||
| 006 | a|||||r|||| 00| 0 | ||
| 007 | ta | ||
| 008 | 221006b |||||||| |||| 00| 0 eng d | ||
| 024 | _a2,148 | ||
| 037 | _cTextual | ||
| 040 |
_aFLL _cFLL _beng |
||
| 041 |
_2eng _aeng |
||
| 082 | _aY:1:6:Z2, L1 | ||
| 100 |
_aChatterjee B.B. _9684955 |
||
| 245 | 0 | _aImpact of social legislation on social change | |
| 250 | _a1st | ||
| 260 |
_aCalcutta _bThe minerva assocites India _c1971 |
||
| 650 |
_aImpact of social legislation on social change _9684956 |
||
| 700 | _a Singh S.S. | ||
| 700 |
_a Yadav D.R. _9684957 |
||
| 942 |
_hY:1:6:Z2, L1 _cTEXL _2CC |
||
| 999 |
_c1132556 _d1132556 |
||